01440nam a22003377a 450000100060000000300090000600500170001500700070003200800460003902000180008504000220010308200230012510000280014824000470017624501760022326000310039930000230043049000160045350400290046970000320049870000330053083000160056391000370057994200120061694500270062895201260065595201320078195201320091395600400104599900170108500448DO-SdBNP20171109111351.0000448160830b 2010 sp ||||| |||| 00| 0 spa d a9788430607907 aBPMSUbspacBPMSU 4a364.1323 bB858b1 aBrioschi, Carlo Alberto aBreve storia delle corruzione.lEspañol.10aBreve historia de la corrupción :bde la antigüedad a nuestros días /cCarlo Alberto Brioschi ; prólogo de Baltasar Garzón ; traducción de Juan Ramón Azaola. aMadrid : bTaurus, c2010. a295 p. ; c22 cm. 1 aPensamiento aBiografía : p. 267-28012aGarzón, Baltazarepról.12aAzaola, Juan Ramónetrad. 0aPensamiento aValidado. Control de calidad MFF 2ddccBK aInventariado, 2017/MFF 00102ddc40708CGaBPMETbBPMETd2016-08-30eAlfaguaral0o364.1323 B858bpBPMSU16080309r2016-08-30w2016-08-30yBK 00102ddc40708CGaBPMETbBPMETd2016-08-30eAlfaguaral0o364.1323 B858bpBPMSU16080310r2016-08-30te. 2w2016-08-30yBK 00102ddc40708CGaBPMETbBPMETd2016-08-30eAlfaguaral0o364.1323 B858bpBPMSU16080311r2016-08-30te. 3w2016-08-30yBK 2LOPEREZ3106201608308BPMSUa00041 c11236d11236